| 000 | 00535nam a2200169 i 4500 | ||
|---|---|---|---|
| 001 | 24366 | ||
| 003 | ES-MaACL | ||
| 005 | 20230906153033.0 | ||
| 007 | t| | ||
| 008 | 021217s1976 sp ||||1| spa d | ||
| 245 | 0 | 0 |
_aAntología clave de la poesía afroamericana / _cprólogo y edición Armando González-Pérez ; asesor Barry D. Amis. |
| 260 |
_aMadrid : _bAlcalá, _c[1976] |
||
| 300 |
_a288 p. ; _c22 cm. |
||
| 700 | 1 |
_aGonzález-Pérez, Armando. _958868 |
|
| 700 | 1 |
_aAmis, Barry D. _921259 |
|
| 852 |
_aES-MaACL _jA-6894 _bR.95433 |
||
| 999 |
_c24366 _d24366 |
||